सहस्र्मुखी ; (Record no. 112912)
[ view plain ]
| 000 -LEADER | |
|---|---|
| fixed length control field | 01194nam a22002657a 4500 |
| 005 - DATE AND TIME OF LATEST TRANSACTION | |
| control field | 20170124102945.0 |
| 010 ## - LIBRARY OF CONGRESS CONTROL NUMBER | |
| LC control number | 786642 |
| 020 ## - INTERNATIONAL STANDARD BOOK NUMBER | |
| Terms of availability | 14.50 |
| 035 ## - SYSTEM CONTROL NUMBER | |
| System control number | 786642 |
| 037 ## - SOURCE OF ACQUISITION | |
| Source of stock number/acquisition | Cen Lib/Ret |
| 040 ## - CATALOGING SOURCE | |
| Original cataloging agency | DPL |
| Language of cataloging | HN |
| 082 ## - DEWEY DECIMAL CLASSIFICATION NUMBER | |
| Classification number | 821 |
| Item number | सूरीब |
| 100 ## - MAIN ENTRY--PERSONAL NAME | |
| Personal name | सूरी, बंसी लाल |
| 9 (RLIN) | 6710 |
| 245 ## - TITLE STATEMENT | |
| Title | सहस्र्मुखी ; |
| Statement of responsibility, etc | बंसी लाल सूरी; संपादक रमेश मेहता |
| Remainder of title | स्व0 बंसी लाल सूरी की प्रतिनिधि कविताओं का संकलन / |
| 246 ## - VARYING FORM OF TITLE | |
| Title proper/short title | Sahsrmukhi : awa. bansi lal suri ki pratinidhi kavitayon ka sankalan / |
| Remainder of title | by Bansi Lal Suri; sampadak Ramesh Mehta |
| 260 ## - PUBLICATION, DISTRIBUTION, ETC. (IMPRINT) | |
| Place of publication, distribution, etc | जम्मू |
| Name of publisher, distributor, etc | ललित कला |
| Date of publication, distribution, etc | 1975 |
| 270 ## - ADDRESS | |
| City | जम्मू |
| 300 ## - PHYSICAL DESCRIPTION | |
| Extent | भिन्न पृ. |
| Dimensions | 21सेमी (सजिल्द) |
| 650 ## - SUBJECT ADDED ENTRY--TOPICAL TERM | |
| Topical term or geographic name as entry element | हिन्दी साहित्य |
| 9 (RLIN) | 49711 |
| 650 ## - SUBJECT ADDED ENTRY--TOPICAL TERM | |
| Topical term or geographic name as entry element | कविता संग्रह |
| 9 (RLIN) | 7 |
| 650 ## - SUBJECT ADDED ENTRY--TOPICAL TERM | |
| Topical term or geographic name as entry element | Hindi literature |
| 9 (RLIN) | 49712 |
| 650 ## - SUBJECT ADDED ENTRY--TOPICAL TERM | |
| Topical term or geographic name as entry element | Poetry Collection |
| 9 (RLIN) | 49713 |
| 700 ## - ADDED ENTRY--PERSONAL NAME | |
| Personal name | मेहता, रमेश |
| 9 (RLIN) | 2125 |
| 942 ## - ADDED ENTRY ELEMENTS (KOHA) | |
| Source of classification or shelving scheme | Dewey Decimal Classification |
| Koha item type | Hindi Books |
| Classification part | 821 |
| Call number suffix | सूरीब |
| Withdrawn status | Lost status | Damaged status | Not for loan | Home library | Current library | Date acquired | Source of acquisition | Cost, normal purchase price | Total Checkouts | Full call number | Barcode | Date last seen | Copy number | Cost, replacement price | Price effective from | Koha item type |
|---|---|---|---|---|---|---|---|---|---|---|---|---|---|---|---|---|
| Central Library | Central Library | 10/08/2015 | Cen Lib/Ret | 14.50 | 821 सूरीब | 786642 | 10/08/2015 | 1 | 14.50 | 10/08/2015 | Hindi Books |
